MARC

LEADER 00000nmm0a2200000 4500
001 27390
005 20231101205805.0
010 |a 5897370885 
035 |a (RuTPU)RU\TPU\book\27640 
035 |a BOOK00027715 
090 |a 27390 
100 |a 20011209d2000 m y0rusy50 ca 
101 2 |a chi  |b rus 
102 |a RU 
105 |a y j 000zy 
200 1 |a Китайский язык для делового общения  |e учебное пособие  |f Г. Я. Дашевская, А. Ф. Кондрашевский 
205 |a 2-е изд., испр. и доп. 
210 |a Москва  |c Муравей  |d 2000 
215 |a 352 с. 
451 1 |0 (RuTPU)RU\TPU\book\138680  |y 978-5-17-039251-3  |t Китайский язык для делового общения  |o учебник разговорного китайского языка  |f Г. Я. Дашевская, А. Ф. Кондрашевский  |g Московский государственный университет им. М. В. Ломоносова (МГУ), Институт стран Азии и Африки (ИСАА) ; Московский государственный институт международных отношений (МГИМО-Университет)  |e 4-е изд.  |c Москва  |n Восток-Запад  |n АСТ  |d 2007  |p 351 с.  |a Дашевская, Галина Яковлевна 
451 |y 978-5-478-00396-8 
606 1 |a Китайский язык  |x Учебники и учебные пособия  |2 stltpush  |3 (RuTPU)RU\TPU\subj\73823  |9 86580 
610 1 |a учебные пособия 
610 1 |a разговорная речь 
610 1 |a устная речь 
610 1 |a лексика 
610 1 |a деловое общение 
686 |a Ш171.11-923  |v LBC/SL-A  |2 rubbk 
700 1 |a Дашевская  |b Г. Я.  |g Галина Яковлевна 
701 1 |a Кондрашевский  |b А. Ф.  |g Александр Федорович 
801 0 |a RU  |b 63413507  |c 20011209  |g PSBO 
801 2 |a RU  |b 63413507  |c 20180118  |g PSBO 
942 |c MX